=LDR 00000nam 2200000 4500 =001 INLIS000000000000266 =005 20150305105008.0 =006 =007 =008 Ind =035 ##$$0010-061300000000266 =041 ##$$a Ind =082 ##$$a 668.3 =090 ##$$a 668.3 Tan p =100 ##$$a Tano, Eddy =245 ##$$a Pedoman membuat perekat sintesis / Eddy tano =260 ##$$a Jakarta $b Rineka Cipta $c 1997 =300 ##$$a xi, 226 hlm. : ilus. ; 21 cm =650 ##$$a Perekat =850 ##$$a NBPNMAT